000 01729nam0a22003251 4500
001 v19\rc\1653064
005 20260406094440.0
035 _a(NLR Aleph) 005241459
090 _a5708853
_c5708853
100 _a20061002e18811881|||y0rusy50 ca
101 0 _arus
102 _aRU
105 _ay z |||||
200 1 _aЕще по поводу вопроса "О существовании пондеро-электрокинетической части энергии электромагнитного поля"
_eОтвет г. Колли
_f[Соч.] И. Боргмана
210 _a[Санкт-Петербург]
_cтип. В.О. Демакова
_d[1881]
215 _a10 с.
_d24
309 _aБез тит. л. и обл.
311 _aОтт. из "Журн. Рус. физ.-хим. о-ва". 1881. Т. 13
488 0 _12001#$aЖурнал Русского физико-химического общества$v1881, т. 13
_tЖурнал Русского физико-химического общества
532 1 3 _aЕще по поводу вопроса О существовании пондероэлектрокинетической части энергии электромагнитного поля
700 1 _7ca
_8rus
_aБоргман
_bИ. И.
_f1849-1914
_gИван Иванович
_951719
_3RU\NLR\AUTH\7768791
702 1 _4570
_7ca
_8rus
_aКолли
_bР. А.
_f1845-1891
_gРоберт Андреевич
_951818
_3RU\NLR\AUTH\7768890
801 2 _aRU
_bNLR
_c20081112
_2rusmarc
801 0 _aRU
_bNLR
_c20061002
_gpsbo
801 0 _aRU
_bRuMoRGB
_c20061002
_2psbo
801 1 _aRU
_bProSoft-M
_c20061002
_2rusmarc
852 _aNLR
_j18.158.3.419
852 _aNLR
_j34-12/383
942 _cBOOK
980 _aNB